02141nam a22004217a 4500003000400000005001700004008004100021040002200062082001400084100004300098245004500141260005600186300001800242366000800260490002300268505005400291505022200345505009100567505004900658505012900707505005100836505018800887505001601075505002701091505001201118650004601130650005001176650004301226650004801269650004301317650004401360650005301404650004701457650004301504942002901547999001501576952012801591OSt20230413143147.0221006b |||||||| |||| 00| 0 eng d cBiblioteca Lado V a700bK41a 9799aRuiz, Margaritaeeditoredirector aArte Cubano/bRevista de Artes Visuales/ bConsejo Nacional de las Artes Plasticasc2000aCuba c21x28cma98p. espa v2000a2x1024 8439 tArte Cubano a vuelo de pájaro, entre dos siglos tRuta CriticaaPedro Abascal, un artista de la alusión Ultimas confidencias de Andy Barro Una poética al borde... In paisaje de percepción activa Julio Neira: Alma de anfora Las antinomias de Ernesto benitez tHablando por si mismoaSer otro para poder ser Las flechas de los persas minuciosas  tPatrimonioaLa impronta barroca en el templo tDossier-MatanzasaDe miel y humo en el tapiz desgarra Un puente que no va a ser cruzado La desfiguración de lo visible  tLa Revista en la RevistaaLa historia oficial  tLibros aDiccionario biográfico de las artes plásticas: el error del milenio El libro-catalogo de Juan Moreira La fabula y el fabulador Legión de honor para Agustin Cardenas  tHistorietas tNoticias de Artecubano tSummary 2Tesauro de Arte & ArquitecturaaARTE9703 2Tesauro de Arte & ArquitecturaaEXPOSICIONES  2Tesauro de Arte & ArquitecturaaBIENAL 2Tesauro de Arte & ArquitecturaaAPRECIACION 2Tesauro de Arte & ArquitecturaaTEORIA 2Tesauro de Arte & ArquitecturaaCRITICA 2Tesauro de Arte & ArquitecturaaFOTOGRAFIA 9702 2Tesauro de Arte & ArquitecturaaLITERATURA 2Tesauro de Arte & ArquitecturaaCUBANO 2ddcc1h701.18iR934an0 c3373d3373 00102ddc3200040708RevistasaLVbLVd2023-04-13h2i003256l0o701.18 R934ap003256r2023-04-13 00:00:00w2023-04-13y1